• 首页
  • 本馆介绍
  • 公告通知
  • 最新文献
  • 馆藏检索
  • 电子资源
  • 读者导购
  • 参考咨询
  • 我的图书馆
  • 登录
  • 详细信息显示
  • 放入我的书架
  • 预约/预借图书
  • 作者相关作品
  • 分类相关作品
  • 丛书相关作品
  • 出版社相关作品

书目信息

  • 表格格式
  • 工作单格式
  • 卡片格式
题名:
基于消错理论的图书借阅信息消错研究
    
 
作者: 尤妙娜 著
分册:  
出版信息: 北京   企业管理出版社  2022.07
页数: 150页
开本: 24cm
丛书名:
单 册:
中图分类: G252.3
科图分类:
主题词: 借阅--信息管理--研究
电子资源:
ISBN: 978-7-5164-2643-2
000 01033nam0 2200241 450
001 012001000968
005 20141202100249.0
010    @a978-7-5164-2643-2@dCNY58.00
100    @a20220905d2022 em y0chiy50 ea
101 0  @achi
102    @aCN@b110000
105    @aa z 000yy
106    @ar
200 1  @a基于消错理论的图书借阅信息消错研究@Aji yu xiao cuo li lun de tu shu jie yue xin xi xiao cuo yan jiu@d= Research on error elimination of lending information based on error elimination theory@f尤妙娜著@zeng
210    @a北京@c企业管理出版社@d2022.07
215    @a150页@c图@d24cm
330    @a本书运用消错学理论中的消错方法于图书馆自助借阅系统中,从理论的角度阐述了具体操作系统中的常见错误,通过运用消错学的相关方法来对错误进行减免或消除。
510 1  @aResearch on error elimination of lending information based on error elimination theory@zeng
606 0  @a借阅@x信息管理@x研究
690    @aG252.3@v5
701  0 @a尤妙娜@Ayou miao na@f(1979~)@4著
801  0 @aCN@bAHXH@c20221111
905    @b1362709-11@dG252.3@e145@f3
    
    基于消错理论的图书借阅信息消错研究= Research on error elimination of lending information based on error elimination theory/尤妙娜著.-北京:企业管理出版社,2022.07
    150页:图;24cm
    
    
    ISBN 978-7-5164-2643-2:CNY58.00
    本书运用消错学理论中的消错方法于图书馆自助借阅系统中,从理论的角度阐述了具体操作系统中的常见错误,通过运用消错学的相关方法来对错误进行减免或消除。
●
相关链接 在E读中查询图书 在五车中查询图书 在当当中查询图书 在豆瓣中查询图书


正题名:基于消错理论的图书借阅信息消错研究     索取号:G252.3/145         预约/预借

序号 登录号 条形码 馆藏地/架位号 状态 备注
1 1362709   213627093   第一样本阅览室/ [索取号:G252.3/145] 在馆    
2 1362710   213627100   第四借阅区/ [索取号:G252.3/145] 在馆    
3 1362711   213627119   第四借阅区/ [索取号:G252.3/145] 在馆    
唐山师范学院图书馆 欢迎您!
大连网信软件有限公司© 版权所有